000 00705nam a2200193 a 4500
001 BRCA_6850
005 20190320205621.0
008 091111s1940----mx-aob####---#000-0#spa-#
041 _aspa
050 4 _bE47 1940
110 2 _aEmpresa de los Ferrocarriles del Estado (Chile)
_917081
245 1 0 _aGuía del veraneante
_brevista de turismo de los FF.CC. del E. (Chile) 1939-1940
_cEmpresa de los Ferrocarriles del Estado.
260 _aSantiago de Chile
_bTalleres gráficos de los F.F. C.C. del E.
_c1940
300 _a226 p.
_bil. (algunas a color), fotografías, mapas
_c13 cm.
500 _aL136
651 4 _aChile
_vGuía de viajeros
_xDescripción y viajes
_917082
902 _aGFM
942 _2lcc
_cB
999 _c6533
_d6533